000 00484nam a22001817a 4500
003 OSt
005 20140310181753.0
008 130628t xxu||||| |||| 00| 0 eng d
020 _a9715502075
050 _aPS 9993
_b.C342 1996
082 _aFIL 899.21
_bV27 1996
100 _aTy-Casper, Linda
245 _aDream eden /
_cLinda Ty-Casper
260 _aQuezon City :
_bAteneo de Manila University Press,
_c1996.
300 _a460 p. :
_c23 cm.
942 _2lcc
_cBK
999 _c3322
_d3322